The chequerd shade ; reflections on obscurity in poetry.

Bibliographic Details
Main Author: Press, John
Format: Book
Language:English
Published: London, New York : Oxford University Press, 1958.
Subjects:

MARC

Tag First Indicator Second Indicator Subfields
LEADER 00000cam a2200000 4500
001 in00000028356
005 20151007061414.0
008 770419s1958 enk b 00000 eng
010 |a  58004538  
035 |a (OCoLC)02900309 
035 |9 AAD1999AM 
040 |a DLC  |c CIN  |d TXA  |d UtOrBLW 
049 |a TXAM  |c [302900]  |a TXAS [aude]  |c 2 
050 0 |a PN1031  |b .P72 
082 0 |a 808.1 
092 |a 808.1  |b P935c 
100 1 |a Press, John. 
245 1 4 |a The chequerd shade ;  |b reflections on obscurity in poetry. 
264 1 |a London,  |a New York :  |b Oxford University Press,  |c 1958. 
300 |a 229 pages ;  |c 23 cm. 
336 |a text  |b txt  |2 rdacontent 
337 |a unmediated  |b n  |2 rdamedia 
338 |a volume  |b nc  |2 rdacarrier 
504 |a Includes bibliographies. 
650 0 |a Poetry. 
650 0 |a Poetry  |x History and criticism. 
999 |a MARS 
999 f f |s f026aaa5-dcc7-3307-a5ca-1f56c581b074  |i 7006f981-cff7-355c-932d-ff4ac9e4e97f  |t 0 
952 f f |p noncirc  |a Texas A&M University  |b College Station  |c Cushing Memorial Library & Archives  |d Cushing: Literature/Auden (Does not check out)  |t 0  |e PN1031 .P72  |h Library of Congress classification  |i unmediated -- volume 
952 f f |p ric  |a Texas A&M University  |b Rellis Campus  |c Joint Library Facility  |d Remote Storage  |t 0  |e PN1031 .P72  |h Library of Congress classification  |i unmediated -- volume  |m A14801196754 
998 f f |a PN1031 .P72  |t 0  |l Remote Storage 
998 f f |a PN1031 .P72  |t 0  |l Cushing: Literature/Auden (Does not check out)